|
|
|
|
| LEADER |
03508nam a22004817a 4500 |
| 001 |
36850 |
| 003 |
BD-DhAAL |
| 005 |
20211109120025.0 |
| 008 |
200102t2018 xxua 001 0 eng d |
| 999 |
|
|
|c 40114
|d 40114
|
| 020 |
|
|
|a 9781517671273
|
| 020 |
|
|
|a 1517671272
|
| 040 |
|
|
|a BD-DhAAL
|
| 082 |
|
|
|a 005.10685
|2 23
|
| 100 |
|
|
|a Aziz, Adnan
|9 38784
|
| 245 |
|
|
|a Elements of programming interviews in Java :
|b the insiders' guide /
|c Adnan Aziz, Tsung-Hsien Lee, Amit Prakash.
|
| 260 |
|
|
|a United States :
|b Createspace,
|c c2018
|
| 300 |
|
|
|a vii, 468 pages :
|b illustrations ;
|c 26 cm
|
| 500 |
|
|
|a Includes index.
|
| 526 |
|
|
|a CSE
|
| 541 |
|
|
|a Karim International
|e 36850, 36851, 36852, 36853, 36854, 36855, 36856, 36857, 36858, 36859
|
| 650 |
|
|
|a Software engineering
|x Management.
|9 38785
|
| 650 |
|
|
|a Employment interviewing
|x Mathematical models
|v Handbooks, manuals, etc.
|9 38786
|
| 650 |
|
|
|a Computer engineers
|x Employment.
|9 38787
|
| 650 |
|
|
|a Computer engineering
|x Vocational guidance.
|9 38788
|
| 650 |
|
|
|a Software engineering
|v Problems, exercises, etc.
|9 38789
|
| 650 |
|
|
|a Computer algorithms.
|9 38790
|
| 650 |
|
|
|a Java (Computer program language).
|9 38791
|
| 650 |
|
|
|a Computer science.
|9 42473
|
| 700 |
|
|
|a Lee, Tsung-Hsien
|9 38792
|
| 700 |
|
|
|a Prakash, Amit,
|d 1977-
|9 38793
|
| 852 |
|
|
|a Ayesha Abed Library
|c General Stacks
|
| 942 |
|
|
|2 ddc
|c BK
|
| 952 |
|
|
|0 0
|1 0
|2 ddc
|4 0
|6 005_106850000000000_AZI
|7 0
|9 67589
|a BRACUL
|b BRACUL
|c GEN
|d 2019-12-29
|e Karim International
|g 3780.00
|l 3
|m 17
|o 005.10685 AZI
|p 3010036853
|r 2025-10-11
|s 2024-06-27
|t 4
|v 3780.00
|w 2019-12-29
|y BK
|
| 952 |
|
|
|0 0
|1 0
|2 ddc
|4 0
|6 005_106850000000000_AZI
|7 0
|9 67590
|a BRACUL
|b BRACUL
|c GEN
|d 2019-12-29
|e Karim International
|g 3780.00
|l 5
|m 37
|o 005.10685 AZI
|p 3010036852
|r 2025-04-08
|s 2025-03-11
|t 3
|v 3780.00
|w 2019-12-29
|y BK
|
| 952 |
|
|
|0 0
|1 0
|2 ddc
|4 0
|6 005_106850000000000_AZI
|7 0
|9 67591
|a BRACUL
|b BRACUL
|c GEN
|d 2019-12-29
|e Karim International
|g 3780.00
|l 1
|m 3
|o 005.10685 AZI
|p 3010036856
|q 2023-05-02
|r 2020-03-10
|s 2020-03-10
|t 7
|v 3780.00
|w 2019-12-29
|y BK
|
| 952 |
|
|
|0 0
|1 0
|2 ddc
|4 0
|6 005_106850000000000_AZI
|7 0
|9 67592
|a BRACUL
|b BRACUL
|c GEN
|d 2019-12-29
|e Karim International
|g 3780.00
|l 10
|m 75
|o 005.10685 AZI
|p 3010036858
|r 2026-02-24
|s 2025-08-06
|t 9
|v 3780.00
|w 2019-12-29
|y BK
|
| 952 |
|
|
|0 0
|1 0
|2 ddc
|4 0
|6 005_106850000000000_AZI
|7 0
|9 67593
|a BRACUL
|b BRACUL
|c GEN
|d 2019-12-29
|e Karim International
|g 3780.00
|l 2
|m 25
|o 005.10685 AZI
|p 3010036859
|r 2024-03-27
|s 2024-01-28
|t 10
|v 3780.00
|w 2019-12-29
|y BK
|
| 952 |
|
|
|0 0
|1 0
|2 ddc
|4 0
|6 005_106850000000000_AZI
|7 0
|9 67594
|a BRACUL
|b BRACUL
|c GEN
|d 2019-12-29
|e Karim International
|g 3780.00
|l 2
|m 12
|o 005.10685 AZI
|p 3010036854
|r 2025-09-23
|s 2025-05-17
|t 5
|v 3780.00
|w 2019-12-29
|y BK
|
| 952 |
|
|
|0 0
|1 0
|2 ddc
|4 0
|6 005_106850000000000_AZI
|7 0
|9 67595
|a BRACUL
|b BRACUL
|c GEN
|d 2019-12-29
|e Karim International
|g 3780.00
|l 3
|m 54
|o 005.10685 AZI
|p 3010036851
|r 2024-09-08
|s 2024-09-02
|t 2
|v 3780.00
|w 2019-12-29
|y BK
|
| 952 |
|
|
|0 0
|1 0
|2 ddc
|4 0
|6 005_106850000000000_AZI
|7 0
|9 67596
|a BRACUL
|b BRACUL
|c GEN
|d 2019-12-29
|e Karim International
|g 3780.00
|l 6
|m 42
|o 005.10685 AZI
|p 3010036855
|r 2025-11-05
|s 2025-08-24
|t 6
|v 3780.00
|w 2019-12-29
|y BK
|
| 952 |
|
|
|0 0
|1 0
|2 ddc
|4 0
|6 005_106850000000000_AZI
|7 0
|9 67597
|a BRACUL
|b BRACUL
|c GEN
|d 2019-12-29
|e Karim International
|g 3780.00
|l 3
|m 22
|o 005.10685 AZI
|p 3010036857
|r 2025-01-07
|s 2024-09-07
|t 8
|v 3780.00
|w 2019-12-29
|y BK
|
| 952 |
|
|
|0 0
|1 0
|2 ddc
|4 0
|6 005_106850000000000_AZI
|7 0
|9 67598
|a BRACUL
|b BRACUL
|c GEN
|d 2019-12-29
|e Karim International
|g 3780.00
|l 5
|m 45
|o 005.10685 AZI
|p 3010036850
|r 2025-10-11
|s 2025-08-25
|t 1
|v 3780.00
|w 2019-12-29
|y BK
|